Impregnace vinutí elektrických strojů a přístrojů

Gespeichert in:
Bibliographische Detailangaben
1. Verfasser: Makarius, Karel (Verfasst von)
Format: Buch
Sprache:Tschechisch
Veröffentlicht: Praha : SNTL, 1962
Ausgabe:1. vyd.
Tags: Tag hinzufügen
Keine Tags, Fügen Sie das erste Tag hinzu!

MARC

LEADER 00000nam a22000003a 4500
001 stu52897
005 20200914122332.2
008 000330s1962----cs------------------cze-d
040 |a STU  |b slo 
041 0 |a cze 
044 |a cs 
080 |a 620.197.7 
080 |a 621.313 
100 1 |a Makarius, Karel  |4 aut 
245 1 |a Impregnace vinutí elektrických strojů a přístrojů 
250 |a 1. vyd. 
260 |a Praha :  |b SNTL,  |c 1962 
300 |a 221 s 
996 |b 284EK03816  |c E*199  |l EE01  |s A  |a 24  |w stu52897_0001 
996 |b 284EK03817  |c E*200  |l EE0101  |s P  |a 0  |w stu52897_0002